[Event "Moscow-ch final"]
[Site "Moscow"]
[Date "2019.04.06"]
[Round "8"]
[White "Zurabian, Vage"]
[Black "Muraseev, Vasilii"]
[Result "1/2-1/2"]
[WhiteElo "1842"]
[BlackElo "1444"]
[PlyCount "81"]
[EventDate "2019.03.30"]
[EventType "swiss"]
[EventRounds "9"]
[EventCountry "RUS"]
[SourceTitle "CBM 189 Extra"]
[Source "ChessBase"]
[SourceDate "2019.05.31"]
[SourceVersion "1"]
[SourceVersionDate "2019.05.31"]
[SourceQuality "1"]

1. e4 c6 2. Nc3 d5 3. d4 dxe4 4. Nxe4 Bf5 5. Ng3 Bg6 6. h4 h6 7. Nf3 Nf6 8. h5 Bh7 9. Bd3 Bxd3 10. Qxd3 Nbd7 11. Bd2 Qc7 12. 0-0-0 0-0-0 13. Kb1 e6 14. Ne4 Nxe4 15. Qxe4 Nf6 16. Qe2 Bd6 17. g3 Rhe8 18. Bc1 Kb8 19. Ne5 Bxe5 20. dxe5 Nd5 21. Qe4 Qb6 22. Qd4 Qxd4 23. Rxd4 Ne7 24. Rhd1 Rxd4 25. Rxd4 Kc7 26. g4 Rd8 27. Rxd8 Kxd8 28. c4 Kc7 29. Kc2 c5 30. Kd3 Nc6 31. Ke4 Kd7 32. Be3 b6 33. f4 Ke7 34. Bf2 Kf8 35. f5 a6 36. Be3 Ke7 37. f6+ Kf8 38. g5 hxg5 39. Bxg5 Kg8 40. b3 Kh7 41. fxg7 1/2-1/2

[Event "Moscow-ch final"]
[Site "Moscow"]
[Date "2019.03.31"]
[Round "2"]
[White "Muraseev, Vasilii"]
[Black "Gubajdullin, Alexey"]
[Result "0-1"]
[WhiteElo "1444"]
[BlackElo "2344"]
[PlyCount "56"]
[EventDate "2019.03.30"]
[EventType "swiss"]
[EventRounds "9"]
[EventCountry "RUS"]
[SourceTitle "CBM 189 Extra"]
[Source "ChessBase"]
[SourceDate "2019.05.31"]
[SourceVersion "1"]
[SourceVersionDate "2019.05.31"]
[SourceQuality "1"]

1. Nf3 c5 2. g3 Nc6 3. Bg2 e5 4. d3 g6 5. b3 Bg7 6. Bb2 Nge7 7. c4 0-0 8. Qc2 Nd4 9. Nxd4 exd4 10. 0-0 Nf5 11. Nd2 Re8 12. Rae1 d6 13. Ne4 Bd7 14. Bc1 h6 15. h3 Bc6 16. a3 Rc8 17. Bd2 d5 18. Nxc5 dxc4 19. Nxb7 Qb6 20. Na5 Bxg2 21. Kxg2 c3 22. Nc4 cxd2 23. Qxd2 Qxb3 24. g4 Nh4+ 25. Kg3 Qb8+ 26. f4 Rxc4 27. dxc4 Re3+ 28. Kh2 Qb3 0-1

[Event "Wch U10"]
[Site "Batumi"]
[Date "2016.10.28"]
[Round "9"]
[White "Muraseev, Vasilii"]
[Black "Eisa Mohmood, Alkhoori"]
[Result "1-0"]
[WhiteElo "1115"]
[BlackElo "1272"]
[PlyCount "59"]
[EventDate "2016.10.19"]
[EventType "swiss"]
[EventRounds "11"]
[EventCountry "GEO"]
[SourceTitle "EXT 2018"]
[Source "ChessBase"]
[SourceDate "2017.10.13"]
[SourceVersion "1"]
[SourceVersionDate "2017.10.13"]
[SourceQuality "1"]

1. e4 e5 2. Nf3 Nc6 3. Bb5 a6 4. Ba4 Nf6 5. 0-0 Be7 6. d3 0-0 7. Nc3 b5 8. Bb3 Bb7 9. Nd5 a5 10. a3 a4 11. Ba2 h6 12. Be3 Bd6 13. h3 Ne7 14. Nxf6+ gxf6 15. Bxh6 Re8 16. Be3 Ng6 17. Nh2 Bf8 18. f4 exf4 19. Bxf4 Bc5+ 20. Kh1 Qe7 21. Bd2 Bd6 22. Ng4 Red8 23. Nxf6+ Kg7 24. Nh5+ Kh8 25. Bc3+ Be5 26. Rxf7 Qg5 27. Rf5 Qe7 28. Qd2 d6 29. Rf7 Bxc3 30. Qh6+ 1-0